000 00637nam a22001937a 4500
003 OSt
005 20251202082835.0
008 251202b |||||||| |||| 00| 0 eng d
020 _a971-8966-57-9
040 _aDWC-Main lib
_cOC
082 _2Revised 2005
_aFil. 657.3 V238f 2005
100 _aValix, C.
245 _aFinancial accounting volume two
_cValix, Conrado T.
250 _aRevised 2005
260 _aManila :
_bGIC Enterprises & Co., Inc.,
_cc2005
300 _a1033 pages :
_c22 cm.
700 _aPeralta, Jose F.
942 _2ddc
_cBK - FIL
_eRevised 2005
_hFil. 657.3 V238f 2005
_kFil.
_n0
999 _c6676
_d6676